LEADER 01947nam0 22003613i 450 001 UFI0175644 005 20231121125905.0 020 $aIT$b73237 100 $a20050614d1972 ||||0itac50 ba 101 | $aita 102 $ait 181 1$6z01$ai $bxxxe 182 1$6z01$an 200 1 $a˜La œPresidenza del Consiglio dei ministri$eil problema del coordinamento dell'amministrazione centrale in Italia, 1848-1948$fEttore Rotelli 210 $aMilano$cGiuffrè$d1972 215 $a493 p.$d25 cm. 225 | $aPubblicazioni dell'Istituto per la scienza dell'amministrazione pubblica$i. Studi e testi$v5 410 0$1001MIL0092914$12001 $aPubblicazioni dell'Istituto per la scienza dell'amministrazione pubblica$i. Studi e testi$v5$171202$aISAP$c $3CFIV005911 500 10$a˜La œPresidenza del Consiglio dei ministri.$3MSE0079750$9CFIV032947$9541018 606 $aPresidenza del Consiglio dei ministri$2FIR$3CFIC073406$9I 700 1$aRotelli$b, Ettore$3CFIV032947$4070$0140624 801 3$aIT$bIT-01$c20050614 850 $aIT-RM0542 $aIT-RM0460 $aIT-RM0314 $aIT-FR0098 $aIT-RM0574 899 $aBIBLIOTECA DEL MINISTERO DEGLI AFFARI ESTERI$bRM0542 899 $aBiblioteca Dell' Archivio Centrale Dello Stato$bRM0460 899 $aBiblioteca delle Infrastrutture e della mobilità sostenibili$bRM0314 899 $aBiblioteca Area Giuridico Economica$bFR0098 $eN 899 $aBiblioteca del Consiglio nazionale dell'economia e del lavoro$bRM0574 912 $aUFI0175644 950 0$aBiblioteca Area Giuridico Economica$d 53DONCAT FONDO CATALDI 203$e 53ATE0000242205 VMB A4 $fA $h20180524$i20180524 977 $a 09$a 27$a 31$a 53$a 61 996 $aPresidenza del Consiglio dei Ministri$9541018 997 $aUNICAS